| 000 | 01226nam a22002057a 4500 | ||
|---|---|---|---|
| 008 | 100628s2005 ua|||||r|||| 000 0 ara d | ||
| 082 |
_222 _a660.6 _bم ا ر |
||
| 245 |
_aثورة في التكنولوجيا الحقيقية / _cإعداد جين ل. ماركس ؛ ترجمة هاشم أحمد محمد؛ مراجعة إبراهيد عبد المقصود إبراهيم |
||
| 260 |
_aالقاهرة : _bالمجلس الأعلى للثقافة ، 2005 _c2005 |
||
| 300 |
_a720 ص : _bايض ؛ _c23 سم |
||
| 490 |
_994 _a ؛المشروع القومي للترجمه _v299 |
||
| 500 | _aهذه ترجمة لكتاب: A revolution in Biotechnology / Edited by jean l. Marx.Cambridge:Cambridge University, 1989 | ||
| 541 |
_aألف باء ؛ _cشراء؛ |
||
| 650 |
_915394 _aالتكنولوجيا الحيوية |
||
| 700 |
_915387 _aماركس، جين _eإعداد |
||
| 700 |
_915391 _aمحمد، هاشم أحمد _eترجمة |
||
| 700 |
_915392 _aإبراهيم، عبد المقصود إبراهيم _eمراجعة |
||
| 942 |
_2ddc _cBB |
||
| 999 |
_c14268 _d14268 |
||